Applied plant biotechnology (Record no. 41796)

MARC details
000 -LEADER
fixed length control field 00367nam a2200133Ia 4500
082 ## - DEWEY DECIMAL CLASSIFICATION NUMBER
Classification number 573.6:581
Item number CHO
100 ## - MAIN ENTRY--AUTHOR NAME
Personal name Chopra, V L
245 #0 - TITLE STATEMENT
Title Applied plant biotechnology
260 ## - PUBLICATION, DISTRIBUTION, ETC. (IMPRINT)
Place of publication New Delhi
Name of publisher Oxford & IBH Publishiing
Year of publication 1999
650 ## - SUBJECT ADDED ENTRY--TOPICAL TERM
Topical Term OIl crops genetic engineering
650 ## - SUBJECT ADDED ENTRY--TOPICAL TERM
Topical Term Transgenic crops
942 ## - ADDED ENTRY ELEMENTS (KOHA)
Koha item type Books
Holdings
Withdrawn status Lost status Damaged status Not for loan Home library Current library Date acquired Cost, normal purchase price Full call number Accession Number Koha item type
        RRII Library RRII Library 16/12/2021 595.00 573.6:581 CHO 22082 Books